Guide to authors : a guide for the preparation of geological maps and reports /

Bibliographic Details
Main Author: Blackadar, Robert Gordon, 1928-
Other Authors: Dumych, H., Griffin, P. J.
Format: Book
Language:English
Published: Ottowa : Hull, Que : Energy, Mines and Resources Canada ; Available by mail from Canadian Govt. Pub. Centre, Supply and Services Canada, 1980
Edition:2nd reprinting with additional revisions.
Series:Miscellaneous report (Geological Survey of Canada) ; 29.
Subjects:

MARC

Tag First Indicator Second Indicator Subfields
LEADER 00000cam a2200000 a 4500
001 in00000089815
005 20151008063520.0
008 810127r1980 quca f00110 engm
010 |a  81450173  
015 |a C*** 
020 |a 0660106175 :  |c $3.00 
035 |a (OCoLC)07248158 
035 |9 AAK2394AM 
040 |a DLC  |c DLC  |d m.c.  |d TXA  |d UtOrBLW 
049 |a TXAM  |c [1560715] 
050 0 0 |a QE185  |b .A44 no. 29, 1980  |a QE36 
082 0 |a 557.1 s  |a 808/.06655  |2 19 
100 1 |a Blackadar, Robert Gordon,  |d 1928- 
245 1 0 |a Guide to authors :  |b a guide for the preparation of geological maps and reports /  |c compiled by R.G. Blackadar, H. Dumych, P.J. Griffin. 
250 |a 2nd reprinting with additional revisions. 
264 1 |a Ottowa :  |b Energy, Mines and Resources Canada ;  |a Hull, Que :  |b Available by mail from Canadian Govt. Pub. Centre, Supply and Services Canada,  |c 1980 
264 4 |c ©1979 
300 |a v, 66 pages :  |b illustrations ;  |c 28 cm. 
336 |a text  |b txt  |2 rdacontent 
337 |a unmediated  |b n  |2 rdamedia 
338 |a volume  |b nc  |2 rdacarrier 
490 1 |a Miscellaneous report / Geological Survey of Canada ;  |v 29 
500 |a Includes index. 
650 0 |a Geology  |v Maps. 
650 0 |a Geology  |x Authorship. 
700 1 |a Dumych, H. 
700 1 |a Griffin, P. J. 
830 0 |a Miscellaneous report (Geological Survey of Canada) ;  |v 29. 
999 |a MARS 
999 f f |s 7c74ee56-437e-3975-bc95-7defd29b28be  |i abb85945-148a-3ca6-9cd3-4c93b99e6acb  |t 0 
952 f f |p ric  |a Texas A&M University  |b Rellis Campus  |c Joint Library Facility  |d Remote Storage  |t 0  |e QE185 .A44 no. 29, 1980  |h Library of Congress classification  |i unmediated -- volume  |m A14806213886 
998 f f |a QE185 .A44 no. 29, 1980  |t 0  |l Remote Storage